| 000 | 02002nam0a2200313 4500 | ||
|---|---|---|---|
| 001 | RU\NLR\bibl\1412705 | ||
| 005 | 20260407205052.0 | ||
| 021 |
_aRU _b2009-82427 _95174 |
||
| 035 | _a(NLR Aleph) 001404684 | ||
| 090 |
_a1244529 _c1244529 |
||
| 100 | _a20090915d2008 |||y0rusy50 ca | ||
| 101 | 0 | _arus | |
| 102 | _aRU | ||
| 105 | _aa ||||||||| | ||
| 200 | 1 |
_aБиблиотеки Республики Карелия и федеральные выборы 2007-2008 гг. _e[официальные материалы ЦИК РК и ТИК N 1 г. Петрозаводска и конкурсные материалы участников конкурсов библиотечных проектов "Выборы - основа демократии" и "Молодежь выбирает будущее" _fсост.: В.А. Левкин, В.П. Лапичкова _gотв. ред.: В.А. Левкин] |
|
| 210 |
_aПетрозаводск _cКарелия _d2008 |
||
| 215 |
_a95, [1] с., [4] л. цв. ил. _d21 |
||
| 606 | 1 |
_aБиблиотеки _xПропаганда литературы по вопросам избирательных компаний _yКарелия, Республика _92567628 _3RU\NLR\auth\661518512 |
|
| 686 | _aЧ735.113.37 | ||
| 702 | 1 |
_aЛевкин _bВ. А. _4220 |
|
| 711 | 1 | 2 |
_4070 _a"Выборы - основа демократии", республиканский конкурс _f2007 _eРеспублика Карелия _3RU\NLR\AUTH\8810137267 _9770052 |
| 711 | 1 | 2 |
_4070 _a"Молодежь выбирает будущее", городской конкурс библиотек _f2008 _eПетрозаводск _3RU\NLR\AUTH\8810137268 _9770053 |
| 712 | 0 | 2 |
_4570 _aБиблиотечная ассоциация Республики Карелия _3RU\NLR\AUTH\8810053008 _9606434 |
| 801 | 0 |
_aRU _bNLR _c20090915 _gRCR |
|
| 801 | 1 |
_aRU _bNLR _c20090915 |
|
| 942 | _cBOOK | ||
| 980 | _aNB | ||